| 000 | 00538nam a22001697a 4500 | ||
|---|---|---|---|
| 003 | LC | ||
| 005 | 20151126095524.0 | ||
| 008 | 151126b xxu||||| |||| 00| 0 eng d | ||
| 020 | _a9787561936771 | ||
| 050 | _aPL 1129 .Y19 2013 | ||
| 100 | _aMa, Yamin | ||
| 245 |
_aEasy steps to chinese 7 teacher's book : _bsimplified characters version _cYamin Ma, Xinying Li |
||
| 260 |
_aBeijing : China _bBeijing Language and Culture University Press _c2013 |
||
| 300 |
_a250 pages., _bill.; _c28 cm. |
||
| 700 | _aLi, Xinying | ||
| 942 |
_2lcc _cBK |
||
| 999 |
_c288981 _d288981 |
||